The biggest, most beautiful Christmas tree / (Record no. 9354)

MARC details
000 -LEADER
fixed length control field 01191nam a2200373 a 4500
001 - CONTROL NUMBER
control field 9354
003 - CONTROL NUMBER IDENTIFIER
control field FISKH
005 - DATE AND TIME OF LATEST TRANSACTION
control field 20251211145812.0
008 - FIXED-LENGTH DATA ELEMENTS--GENERAL INFORMATION
fixed length control field 841023s1985 nyua j 000 1 eng
010 ## - LIBRARY OF CONGRESS CONTROL NUMBER
LC control number 84072867
020 ## - INTERNATIONAL STANDARD BOOK NUMBER
International Standard Book Number 0307020010
020 ## - INTERNATIONAL STANDARD BOOK NUMBER
International Standard Book Number 0307602699
Qualifying information lib. bdg.
020 ## - INTERNATIONAL STANDARD BOOK NUMBER
International Standard Book Number 9780307020017
020 ## - INTERNATIONAL STANDARD BOOK NUMBER
International Standard Book Number 9780307602695
Qualifying information (lib. bdg.)
035 ## - SYSTEM CONTROL NUMBER
System control number 2843980
040 ## - CATALOGING SOURCE
Original cataloging agency DLC
Transcribing agency DLC
Modifying agency DLC
Language of cataloging eng
050 ## - LIBRARY OF CONGRESS CALL NUMBER
Classification number PZ7.R71877 B
082 ## - DEWEY DECIMAL CLASSIFICATION NUMBER
Classification number 394.2663
100 1# - MAIN ENTRY--PERSONAL NAME
Personal name Rosenberg, Amye.
245 14 - TITLE STATEMENT
Title The biggest, most beautiful Christmas tree /
Statement of responsibility, etc. story and pictures by Amye Rosenberg.
260 ## - PUBLICATION, DISTRIBUTION, ETC.
Place of publication, distribution, etc. Racine :
Name of publisher, distributor, etc. Western,
Date of publication, distribution, etc. 1985.
300 ## - PHYSICAL DESCRIPTION
Extent 24 unnumbered pages :
Other physical details color illustrations ;
Dimensions 20 cm
490 0# - SERIES STATEMENT
Series statement A Little golden book
505 ## - FORMATTED CONTENTS NOTE
Formatted contents note H<br/>
520 ## - SUMMARY, ETC.
Summary, etc. Residents of a great fir tree in a thick forest make their home noticeable in hopes that Santa will come for his first visit to them.
521 8# - TARGET AUDIENCE NOTE
Target audience note 430<br/>
Source Lexile estimate<br/>
521 8# - TARGET AUDIENCE NOTE
Target audience note H<br/>
Source Raz-Plus<br/>
650 #1 - SUBJECT ADDED ENTRY--TOPICAL TERM
Topical term or geographic name entry element Christmas trees
General subdivision Fiction.
650 #1 - SUBJECT ADDED ENTRY--TOPICAL TERM
Topical term or geographic name entry element Christmas
General subdivision Fiction.
650 #1 - SUBJECT ADDED ENTRY--TOPICAL TERM
Topical term or geographic name entry element Animals
General subdivision Fiction.
906 ## - LOCAL DATA ELEMENT F, LDF (RLIN)
a 7
b cbc
c orignew
d 2
e opcn
f 19
g y-gencatlg
942 ## - ADDED ENTRY ELEMENTS (KOHA)
Source of classification or shelving scheme Dewey Decimal Classification
Koha item type Books
Suppress in OPAC No
Holdings
Withdrawn status Lost status Source of classification or shelving scheme Damaged status Not for loan Collection Home library Current library Shelving location Date acquired Total Checkouts Full call number Barcode Date last seen Copy number Price effective from Koha item type
    Dewey Decimal Classification     Juvenile Fiction Footprints International School Library Network Toul Tom Poung Campus Footprints International School Library Network Toul Tom Poung Campus TTP Primary Dark Blue Bookshelves 12/11/2025   ROS 394.2663 PZ7.R71877 B 2025-5115 12/11/2025 1 12/11/2025 Books